书目信息 |
| 题名: |
误差理论与最小二乘法
|
|
| 作者: | 马兹米什维里 著 ;吕福臣 , 刘光宗 译 | |
| 分册: | ||
| 出版信息: | 北京 煤炭工业出版社 1984 |
|
| 页数: | 333页 | |
| 开本: | 21cm | |
| 丛书名: | ||
| 单 册: | ||
| 中图分类: | P207 | |
| 科图分类: | ||
| 主题词: | 误差理论 , 最小二乘法 , 测绘学 , 测量学 | |
| 电子资源: | ||
| ISBN: | ||
| 000 | 01051nam0 2200325 45 | |
| 001 | 0184002537 | |
| 005 | 20040520151150.8 | |
| 010 | @dCNY1.85 | |
| 091 | @a15035.2649 | |
| 100 | @a19950517d1984 em y0chiy0121 ea | |
| 101 | 1 | @achi@crus |
| 102 | @aCN@b110000 | |
| 105 | @ay z 000yy | |
| 106 | @ar | |
| 200 | 10 | @a误差理论与最小二乘法@Awu cha li lun yu zui xiao er cheng fa@f(苏)А.И.巴兹米什维里著@g吕福臣,刘光宗译 |
| 210 | @a北京@c煤炭工业出版社@d1984 | |
| 215 | @a333页@d21cm | |
| 300 | @a书名原文:Теория ошибоки метод наименьших квадратов | |
| 510 | 1 | @aТеория ошибоки метод наименьших квадратов@zrus |
| 606 | @a误差理论 | |
| 606 | @a最小二乘法 | |
| 606 | 0 | @a测绘学 |
| 606 | 0 | @a测量学 |
| 690 | @aP207 | |
| 701 | 1 | @a马兹米什维里@Ama zi mi shen wei li@bА.И.@4著 |
| 702 | 0 | @a吕福臣@Alv fu chen@4译 |
| 702 | 0 | @a刘光宗@Aliu guang zong@4译 |
| 801 | 0 | @aCN@b上海图书馆@c20040520 |
| 801 | 2 | @aCN@bNLC@c20040520 |
| 905 | @f1@b120542@dP207@e22 | |
| 误差理论与最小二乘法/(苏)А.И.巴兹米什维里著/吕福臣,刘光宗译.-北京:煤炭工业出版社,1984 |
| 333页;21cm |
| 书名原文:Теория ошибоки метод наименьших квадратов |
| ISBN :CNY1.85 |
| ● |
| 相关链接 |
|
|
|
|
正题名:误差理论与最小二乘法
索取号:P207/22
 
预约/预借
| 序号 | 登录号 | 条形码 | 馆藏地/架位号 | 状态 | 备注 |
| 1 | 0120542 | 000625595 | 第三借阅区/ [索取号:P207/22] | 在馆 | |
| 2 | 0120543 | 202105658 | 第二样本阅览室/ [索取号:P207/22] | 在馆 |